JP's tryst with India's destiny and his mission/ (Record no. 34949)

MARC details
000 -LEADER
fixed length control field 00872nam a22002297a 4500
005 - DATE AND TIME OF LATEST TRANSACTION
control field 20100331124717.0
008 - FIXED-LENGTH DATA ELEMENTS--GENERAL INFORMATION
fixed length control field 100331t xxu||||| |||| 00| 0 eng d
010 ## - LCCN (DPL NO)
LC control number ENG-95938
020 ## - INTERNATIONAL STANDARD BOOK NUMBER
International Standard Book Number 9788184840414
Terms of availability 1250.00
035 ## - SYSTEM CONTROL NUMBER
System control number EN-79471
037 ## - SOURCE OF ACQUISITION
Source of stock number/acquisition DBAD/PUB
040 ## - CATALOGING SOURCE
Original cataloging agency DPL
082 ## - DEWEY DECIMAL CLASSIFICATION NUMBER
Classification number 954.084092
100 ## - MAIN ENTRY--PERSONAL NAME
Personal name Mahendru, K.C.
245 ## - TITLE STATEMENT
Title JP's tryst with India's destiny and his mission/
Statement of responsibility, etc by K.C. Mahendru
260 ## - PUBLICATION, DISTRIBUTION, ETC. (IMPRINT)
Place of publication, distribution, etc New Delhi
Name of publisher, distributor, etc Regal Publications
Date of publication, distribution, etc 2009
270 ## - ADDRESS
Address F-159, Rajouri Garden
City New Delhi
Postal code 110027
300 ## - PHYSICAL DESCRIPTION
Extent xix, 344p. :
Dimensions 24 cm. (Hb)
500 ## - GENERAL NOTE
General note Includes bibliographical refrences and index
942 ## - ADDED ENTRY ELEMENTS (KOHA)
Source of classification or shelving scheme Dewey Decimal Classification
Item type English Books
Call number suffix MAH
Classification part 954.084092
Holdings
Withdrawn status Lost status Source of classification or shelving scheme Materials specified (bound volume or other part) Damaged status Not for loan Collection code Home library Current library Date acquired Source of acquisition Cost, normal purchase price Total Checkouts Full call number Barcode Date last seen Copy number Cost, replacement price Koha item type
    Dewey Decimal Classification Hb   Not For Loan Non-fiction D.B.Act.Division D.B.Act.Division 26/02/2010 DBAD/PUB 1250.00   954.084092 MAH EN-79471 31/03/2010 1 1250.00 English Books

© Delhi Public Library
Hit Counter
free hit counter